000 00522nam a2200193Ia 4500
003 IN-BaIIA
008 211028s9999 xx 000 0 eng d
020 _a0-07-136493-5
040 _cIIA Library
080 _a681.32
_bRIT
100 _aRitter, D. J
_926283
245 0 _aLab view GUI
_bessential techniques
_cD. J. Ritter
260 _aNew York
_bMcGraw-Hill
_c2002
300 _axxiv, 562p.
650 _aGUI design models
_926284
650 _aGUI techniques
_926285
650 _aSuperior GUI
_926286
942 _cBK
999 _c14704
_d14704